Krasznahorkai László Seiobo járt odalent /

Elmentve itt :
Bibliográfiai részletek
Szerző: Kovács Gábor
További közreműködők: Cserjés Katalin (Témavezető)
Dokumentumtípus: Szakdolgozat
Megjelent: 2010
Tárgyszavak:
Online Access:http://diploma.bibl.u-szeged.hu/44134
LEADER 00640nta a2200169 i 4500
001 dipl44134
005 20140916141646.0
008 140916s2010 hu om 0|| zxx d
040 |a SZTE Diploma Repozitórium  |b hun 
041 |a zxx 
100 1 |a Kovács Gábor 
245 1 0 |a Krasznahorkai László  |h [elektronikus dokumentum] :  |b Seiobo járt odalent /  |c Gábor Kovács 
246 1 0 |a László Krasznahorkai: Seiobo Has Been Here Below  |h [elektronikus dokumentum] 
260 |c 2010 
650 4 |a Bölcsészettudományok 
700 1 |a Cserjés Katalin  |e ths 
856 4 0 |u http://diploma.bibl.u-szeged.hu/id/eprint/44134/1/2010_kovacs_gabor.pdf  |z Dokumentum-elérés